Statistics for What are the major cities of Kenya.

Click here to take the quiz!

General Stats

  • This quiz has been taken 324 times
  • The average score is 4 of 11

Answer Stats

HintAnswer% Correct
The capital city of Kenya.Nairobi
100%
The second city after the capital city.Mombasa
91%
It is located on the shores of lake victoria.Kisumu
60%
There is a lake named after the city.Nakuru
43%
It is famous for it athletes.Eldoret
39%
14 falls is found in it.Thika
15%
It is located between Thika and NairobiRuiru
9%
It is semi-arid and dry.Garissa
6%
Most of the Kikuyu leave here.Kikuyu
6%
It is one of the rarely known cities.Makovo
2%
An attractive city full of cafes.Ngong
1%

Score Distribution

Percentile by Number Answered

Percent of People with Each Score

Your Score History

You have not taken this quiz